000
00331nam a2200121Ia 4500
008
220216s9999 xx 000 0 und d
100
_a
Joseph P.J.
245
4
_a
The genesis of rubber plantation industry in India
260
_b
Rubber Board Bulletin
_c
1986
300
_a
21-23
650
_a
Rubber plantation industry
942
_c
BS
999
_c
51149
_d
51149